| 000 | 00406nam a2200181Ia 4500 | ||
|---|---|---|---|
| 005 | 20240823043742.0 | ||
| 008 | 240823s9999||||xx |||||||||||||| ||und|| | ||
| 041 | _aENGLISH | ||
| 082 | _A621.406 N9 | ||
| 100 | _aPandian K | ||
| 245 | 0 | _aTurbo Machines | |
| 250 | _a2nd | ||
| 260 |
_c1999 _b"ARS,Arpakkam" |
||
| 500 | _aTRANSFERED | ||
| 650 |
_aMachine _bMechanical |
||
| 942 | _cBK | ||
| 999 |
_c210954 _d210954 |
||